000 00571nam a2200205Ii 4500
003 JO-AjNU
008 230606s9999||||xx |||||||||||||| ||und||
020 _a978-0-07-014492-7
040 _aJO-AjNU
_beng
_erda
_cJO-AjNU
041 _aeng
050 1 4 _aT58.6.2009
100 3 _aBehl,Ramesh,
_eauthor
_9184
245 0 0 _aInformation Technology for management
264 3 1 _aLondon:Mcgraw hill,2007
300 _a558p
336 _atext
_btxt
_2rdacontent
337 _aunmediated
_bn
_2rdamedia
338 _avolume
_bnc
_2rdacarrier
650 4 _ainformation technology
_9185
999 _aE97
_c97
_d97